Classroom Gems: Games, Ideas and Activities for Primary Music

Xehetasun bibliografikoak
Egile nagusia: Minto, Donna, Ms
Formatua: Baliabide elektronikoa eBook
Hizkuntza:English
Argitaratua: Pearson Education UK, 11/1/09
Edizioa:1
Gaiak:
Sarrera elektronikoa:Full text available on Pearson
Off-campus access
LEADER 01179pam a2200289 a 4500
001 AALebookPearson002650
003 BD-DhAAL
006 m||||||||d||||||||
007 cr||||||||||||
008 221123s9999 xxuabf fo j 001 0 eng d
020 |a "9781408223260" 
020 |a "9781408223284" 
040 |a BD-DhAAL  |c BD-DhAAL 
082 0 |a 372.87044 
100 1 |a Minto, Donna, Ms 
245 1 0 |h [electronic resource]  |a Classroom Gems: Games, Ideas and Activities for Primary Music 
250 |a 1 
260 |b Pearson Education UK,  |c 11/1/09 
300 |a 1 online resource 
500 |a <strong>Off-Campus Access:</strong> Athens ID and Password Required 
500 |a <strong>On-Campus Access:</strong> No User ID or Password Required 
506 |a Electronic access restricted to authorized BRAC University faculty, staff and students 
538 |a Mode of access: Internet 
650 4 |a Education; Fine Arts 
655 7 |a Electronic books  |2 Library of Congress 
856 4 0 |z Full text available on Pearson  |u https://ebookcentral.proquest.com/lib/bracu/detail.action?docID=5138437 
856 4 0 |z Off-campus access  |u https://ebookcentral.proquest.com/lib/bracu/detail.action?docID=5138437